Sách tranh về rừng ngập mặn = Painting on mangroves

Cuốn sách giới thiệu các tác phẩm tranh vẽ về bảo vệ môi trường rừng ngập mặn do Dề án Hành động về rừng ngập mặn (MAP).

Sparad:
Bibliografiska uppgifter
Materialtyp: Bok
Språk:Undetermined
Publicerad: Hà Nội Đại học Quốc gia Hà Nội 2002
Ämnen:
Taggar: Lägg till en tagg
Inga taggar, Lägg till första taggen!
Thư viện lưu trữ: Trung tâm Học liệu Trường Đại học Cần Thơ
LEADER 00832nam a2200193Ia 4500
001 CTU_143735
008 210402s9999 xx 000 0 und d
082 |a 634.97342 
082 |b S102 
245 0 |a Sách tranh về rừng ngập mặn = 
245 0 |b Painting on mangroves 
245 0 |c Biên tập Phan Nguyên Hồng ... [những người khác] 
260 |a Hà Nội 
260 |b Đại học Quốc gia Hà Nội 
260 |c 2002 
520 |a Cuốn sách giới thiệu các tác phẩm tranh vẽ về bảo vệ môi trường rừng ngập mặn do Dề án Hành động về rừng ngập mặn (MAP). 
650 |a Mangrove,Rừng ngập mặn 
904 |i Trọng Hiếu 
980 |a Trung tâm Học liệu Trường Đại học Cần Thơ